000
00281nam a2200121Ia 4500
008
190216s9999||||xx |||||||||||||| ||und||
100
_a
Walter Rudin
245
0
_a
Real And Complex Anlysis
260
_b
Mcgraw -hill
_c
1987
300
_a
416p
650
_a
Mathematics
942
_c
BK
999
_c
31472
_d
31472